Собрание сочинений в двенадцати томах (Запис номер 51190)
[ съкратено ]
| 000 -Лидер | |
|---|---|
| Контролно поле с фиксирана дължина | 01456nam a2200349 c 4500 |
| 003 - Код на организацията, давaща контролен номер | |
| Контролно поле | BLK |
| 005 - Дата и час на последна редакция | |
| Контролно поле | 20250407143507.0 |
| 008 - Елементи от данни с фиксирана дължина | |
| fixed length control field | 180408b bul|||||r ||||||| ||bul|| |
| 010 ## - Наследен системен номер | |
| LC control number | KNG00055092000 |
| 040 ## - Източник на каталожния запис | |
| Идентификатор на билиотеката - собственик на записа | BLK |
| 041 ## - Код за език | |
| Код за езика на текст/звукозапис или на отделно заглавие | Руски |
| Код за езика КДБФ | Руски |
| 080 ## - УДК | |
| Текстов определител УДК | Руска литература |
| УДК код - определител по УДК | 821.161.1 |
| УДК определител | (081.1) |
| УДК - код + определител | 821.161.1(081.1) |
| 080 ## - УДК | |
| Текстов определител УДК | Руска литература |
| УДК код - определител по УДК | 821.161.1 |
| УДК определител | -31 |
| УДК - код + определител | 821.161.1-31 |
| 100 1# - Редна дума - Автор | |
| Автор | Толстой, Лев Николаевич |
| Авторска отговорност | първи автор |
| R(LIN) | 367573 |
| 139 ## - Редно поле | |
| Редна дума | Толстой, Лев Николаевич |
| Авторски знак | Толст - Т 67 |
| 245 10 - Сведения за заглавието | |
| Заглавие | Собрание сочинений в двенадцати томах |
| Подзаглавни данни | За том: Роман в 8 ч. : Ч. 1 - 4 |
| Редно поле (дума) | Лев Николаевич Толстой. |
| Том | Т. 7 |
| Заглавие на том | Анн Каренина |
| 257 ## - Страна на издаване | |
| Страна на създаване/издаване | Русия |
| 260 ## - Област на издателските данни | |
| -- | Москва |
| Име на издателя, разпространителя и проч. | Правда |
| Година на издаване | 1983 - |
| Печатница | Москва : типогр. газ. Правда |
| 300 ## - Физическа характеристика | |
| Размери/Мащаб | 21 см |
| 380 ## - Жанр | |
| Жанр | Худож. лит. |
| 490 1# - СЕРИИ (Колекции) | |
| Име на серия | Библиотека Огонек |
| 490 1# - СЕРИИ (Колекции) | |
| -- | Подсерия |
| Име на серия | Отечественная классика |
| 500 ## - Общи забележки | |
| Забележка | 700 000 тир. |
| 653 ## - Ключова дума – ненормативна | |
| Ключова дума | романи |
| 760 1# - Описание на основната серия | |
| Редна дума на основното описание | Толстой, Лев Николаевич |
| Място на издаване, издател и година | 1984 |
| Страници - том | 496 с., 3 л. : ил. |
| Заглавие | Т. 7 Анн Каренина |
| 852 ## - Местоположение | |
| Форматна сигнатура | Цб 128091 |
| 856 4# - Електронен адрес и достъп | |
| Електронен формат | pdf - файл |
| Път до файла /url/ | |
| 856 4# - Електронен адрес и достъп | |
| Електронен формат | pdf - файл |
| Път до файла /url/ | |
| 942 ## - АРТИКУЛИ | |
| Вид на библиотечния материал | Книги |
| Скрит в OPAC | Не |
| Koha issues (borrowed), all copies | 3 |
| 944 ## - СЪЗДАВАНЕ И РЕДАКЦИЯ на ЗАПИСА | |
| Създаване/Редакция | Създаване |
| Дата на регистрацията/редакция | 15.06.2011 |
| Статус, дата на статуса | Цветомила Тодорова |
| Служител, извършил регистрацията/редакцията | 30576 |
| 944 ## - СЪЗДАВАНЕ И РЕДАКЦИЯ на ЗАПИСА | |
| Създаване/Редакция | Редакция |
| Дата на регистрацията/редакция | 30.08.2011 |
| Статус, дата на статуса | ф / |
| Служител, извършил регистрацията/редакцията | |
| 999 ## - СИСТЕМНИ КОНТРОЛНИ НОМЕРА | |
| Koha biblionumber | 51190 |
| Koha biblioitemnumber | 51190 |
| Код за отписване | Код за изгубен артикул | Код за повреда | Коз за рестрикции | Код за отдаване | Артикулен № | Име на библиотеката - собственик | Име на библиотеката, в която се намира в момента | Статус (Текущо местоположение) | Дата на вписване в системата | Местоположение - отдел | Цена в лева | Инвентарен номер | Систематично азбучна сигнатура | Баркод | Номер на екземпляра | Цена в евро | Служебна бележка | Служебен тип на артикула |
|---|---|---|---|---|---|---|---|---|---|---|---|---|---|---|---|---|---|---|
| Не е изгубен | Не е повреден | без рестрикции | заемане за дома | 80545 | Регионална библиотека "Любен Каравелов" Русе | Регионална библиотека "Любен Каравелов" Русе | Заемна - подръчен фонд | 2011-06-15 | Заемна - подръчен фонд | 7.00 | 120000751125 | П 882(081)/Т 67 | 120000751125 | 1 | 3.58 | Дост: DA Вид: А N: 9 Дата: 15.06.2011 Дата инв: 09.02.2018 Бележки инв: П2018 | Книги |